000 00452nam a2200145Ia 4500
008 231129s2019||||xx |||||||||||||| ||spa||
020 _a978-958-48-6003-3
040 _bspa
082 _a986.132 ó77p
100 _aOrtiz Toro Raúl
245 0 _aPereira y la Iglesia en el siglo XIX: fundación diacrónica y desarrollo
260 _c2019
264 _aPereira Colombia : Diócesis de Pereira
942 _2ddc
_cBKS
999 _c22668
_d22668